Statistiques concernant Nationalité d'entreprises

Cliquez ici pour prendre le quiz!

Statistiques générales

  • Ce quiz a été pris 200 fois
  • Le résultat moyen est 14 sur 20

Statistiques - réponses

EntrepriseNationalité% Correct
IKEASuède
97%
ToyotaJapon
97%
WalmartÉtats-Unis
94%
HuaweiChine
92%
AudiAllemagne
88%
ChanelFrance
86%
HeinekenPays-Bas
77%
GazpromRussie
76%
NestléSuisse
75%
LegoDanemark
72%
DaciaRoumanie
66%
RyanairIrlande
66%
HSBCRoyaume-Uni
64%
NokiaFinlande
63%
LG ElectronicsCorée du Sud
58%
Tata MotorsInde
58%
BeIn MediaQatar
50%
BombardierCanada
49%
BBVAEspagne
48%
AlpargatasBrésil
31%

Distribution des résultats

Percentile par nombre de réponses

% des personnes avec chaque résultat

Votre développement - résultats

Vous n’avez pas pris ce quiz